Lectures on advanced ordinary differential equations
Αποθηκεύτηκε σε:
| Κύριος συγγραφέας: | |
|---|---|
| Συγγραφή απο Οργανισμό/Αρχή: | |
| Μορφή: | Βιβλίο |
| Γλώσσα: | English |
| Δημοσίευση: |
New York :
Gordon and Breach,
1985, c1965
|
| Σειρά: | Notes on mathematics and its applications
|
| Θέματα: | |
| Ετικέτες: |
Προσθήκη ετικέτας
Δεν υπάρχουν, Καταχωρήστε ετικέτα πρώτοι!
|
MARC
| LEADER | 00000cam a2200000 i 4500 | ||
|---|---|---|---|
| 001 | 1/40524 | ||
| 008 | 941103t19851965 eng d | ||
| 020 | |a 0677009607 | ||
| 020 | |a 0677009658 | ||
| 035 | |l 10041276 | ||
| 040 | |a GR-MY-UA |b gre |e aacr | ||
| 041 | 0 | |a eng | |
| 082 | 0 | |a 515.352 |2 (19) | |
| 100 | 1 | |a Friedrichs, K. O. |q (Kurt Otto), |d 1901-1983. | |
| 245 | 1 | 0 | |a Lectures on advanced ordinary differential equations / |c by K.O. Friedrichs ; notes by P. Berg, W. Hirsch, P. Treuenfels |
| 246 | 1 | |i Τίτλος εξωφύλλου: |a Advanced ordinary differential equations | |
| 260 | |a New York : |b Gordon and Breach, |c 1985, c1965 | ||
| 300 | |a ix, 205 p.; |b ill.; |c 24 cm. | ||
| 490 | 1 | |a (Notes on mathematics and its applications) | |
| 500 | |a Άνω του τίτλου: New York University Institute of Mathematical Sciences | ||
| 500 | |a Περιλαμβάνει ευρετήριο. | ||
| 650 | 0 | 0 | |a Differential equations. |
| 710 | 2 | |a Courant Institute of Mathematical Sciences. | |
| 830 | 0 | |a Notes on mathematics and its applications | |
| 852 | |a INST |b SAMOS |e 19941103 |h 515.352 FRI |p 005300001433 |q 005300001433 |t BK |y 0 | ||